Statistics for European Countries With the Highest Growth in Tourism

Click here to take the quiz!

General Stats

  • This quiz has been taken 58 times
  • The average score is 5 of 9

Answer Stats

Tourism Growth Country % Correct
+86%Albania
69%
+65%Greece
65%
+88%Serbia
65%
+62%Slovenia
63%
+113%Bosnia and Herzegovina
63%
+95%Northern Macedonia
59%
+89%Moldova
53%
+66%Portugal
49%
+7799%Belarus
35%

Score Distribution

Percentile by Number Answered

Percent of People with Each Score

Your Score History

You have not taken this quiz